ՀՀ Գիտությունների ազգային ակադեմիայի հիմնարար գիտական գրադարան  =   Fundamental Scientific Library of NAS RA

Аналоговая электроника : (Record no. 177165)

MARC details
000 -LEADER
fixed length control field 01219nam a2200277 u 4500
001 - CONTROL NUMBER
control field 000482191
003 - CONTROL NUMBER IDENTIFIER
control field AM-YeHGA
005 - DATE AND TIME OF LATEST TRANSACTION
control field 20250617134144.0
008 - FIXED-LENGTH DATA ELEMENTS--GENERAL INFORMATION
fixed length control field 060329s2005 ||||||||||||||||||||rus d
020 ## - INTERNATIONAL STANDARD BOOK NUMBER
International Standard Book Number 5948360571
020 ## - INTERNATIONAL STANDARD BOOK NUMBER
International Standard Book Number 0750650958 (англ.)
040 ## - CATALOGING SOURCE
Original cataloging agency AM-YeHGA
041 1# - LANGUAGE CODE
Language code of text/sound track or separate title rus
Language code of original eng
090 ## - LOCALLY ASSIGNED LC-TYPE CALL NUMBER (OCLC); LOCAL CALL NUMBER (RLIN)
-- 178609
100 1# - MAIN ENTRY--PERSONAL NAME
Personal name Крекрафт, Д.
245 10 - TITLE STATEMENT
Title Аналоговая электроника :
Remainder of title Схемы, системы, обработка сигнала /
Statement of responsibility, etc. Д. Крекрафт, С. Джерджли ; Пер. с англ. А.А. Кузьмичевой, А.А. Лапина.
260 ## - PUBLICATION, DISTRIBUTION, ETC.
Place of publication, distribution, etc. Москва :
Name of publisher, distributor, etc. Техносфера,
Date of publication, distribution, etc. 2005.
300 ## - PHYSICAL DESCRIPTION
Extent 360 с. :
Other physical details ил.
440 #0 - SERIES STATEMENT/ADDED ENTRY--TITLE
Title Мир электроники
504 ## - BIBLIOGRAPHY, ETC. NOTE
Bibliography, etc. note Список лит. с. 358-360
534 ## - ORIGINAL VERSION NOTE
Introductory phrase Оригинал на англ. :
Title statement of original Analog Electronics ; Circuits, Systems and Signal Processing /
Main entry of original D. I. Crecraft, S. Gergely -
Publication, distribution, etc. of original Oxford : Butterworth Heinemann : 2002
650 14 - SUBJECT ADDED ENTRY--TOPICAL TERM
Topical term or geographic name entry element Радиоэлектронная аппаратура. Схемы
700 1# - ADDED ENTRY--PERSONAL NAME
Personal name Джерджли, С.
700 1# - ADDED ENTRY--PERSONAL NAME
Personal name Лапин, А.А.
Relator term пер.
Relationship trl
Relator term ред.
Relationship edt
700 1# - ADDED ENTRY--PERSONAL NAME
Personal name Кузьмичева, А.А.
Relator term пер.
Relationship trl
Holdings
Withdrawn status Lost status Damaged status Not for loan Collection Home library Current library Date acquired Shelving control number Total checkouts Full call number Barcode Date last seen Price effective from Koha item type Public note
        General Fundamental Scientific Library Fundamental Scientific Library 28/12/2016     P2/653263 FL0040264 28/12/2016 28/12/2016 Գրքեր / Books 30 Days Loan
        General Fundamental Scientific Library Fundamental Scientific Library 28/12/2016     P2/653264 FL0040265 28/12/2016 28/12/2016 Գրքեր / Books 30 Days Loan


ՀՀ ԳԱԱ հիմնարար գիտական գրադարան
ՀՀ,Երևան 0019
Մարշալ Բաղրամյան 24/6
հեռախոս:(374-10) 52-47-50
Հետադարձ կապ

All site content, except where otherwise noted, is licensed under a
Creative Commons License